00719caa a22001932a 4500001000900000003001100009008004300020092001700063100002000080245001700100300001400117500009600131650001500227546001300242942000900255999001700264773012200281773012200403 011104 AR-FADEU 311216n########xxu####################dd a808.831bO58 aO'Faolain, Sean aThe fur coat aPP. 21-27 aEn: One true friend and other irish short stories / ed. Roland John. Harlow : Longman, 1977 a/REVISADO/ aInglés cBDGR c16884d168840 016881917085abdHarlowo01010tONE true friend and other irish short storiesw( AR-FADEU) 011101xz0-582-53685-50 016881917086abdHarlowo01011tONE true friend and other irish short storiesw( AR-FADEU) 011101xz0-582-53685-5